000
00257nam a2200085Ia 4500
245
0
_a
The Lord of the rings : Gollum : how we made movie magic
100
_a
SERKIS, Andy London, 2003
_9
63857
942
_c
BK
008
210818s9999 xx 000 0 und d
999
_c
450037
_d
450036